000
00224nam a2200097Ia 4500
008
190216s9999||||xx |||||||||||||| ||und||
100
_a
Premchand
245
0
_a
Hindi-Rangabhoomi
260
_b
Hindi Sahithya Sadan
942
_c
BK
999
_c
18238
_d
18238